00381 a2200145 4500003000400000005001700004008004100021040000900062082002000071100003100091245004800122250001200170260004300182300001000225OSt20260324140523.0240206b |||||||| |||| 00| 0 eng d cOCLC a891.4393bRUZ/M aRuzwa, Mirza Mohammed Hadi aUmrao jan ada /c Mirza Mohammed Hadi Ruzwa a1st ed. aKOZHIKODE:bOLIVE PUBLICATIONS,c2013. a226P.